Statistiche per In quale squadra NON ha giocato? - Quiz n°2

Clicka qui per fare il quiz!

Statistiche generali

  • Questo quiz è stato fatto 3 volte
  • Il punteggio medio è 4 su 6

Statistiche sulle risposte

DomandaRisposta% Corretto
AmauriCatania
100%
Andrea RanocchiaTorino
100%
Mario KempesBoca Juniors
67%
Adam MasinaChievo
67%
Sergio AgüeroPorto
67%
Riyad MahrezAl-Nassr
33%

Distribuzione punteggi

Percentile per numero di risposta

Percentuale di utenti per punteggio

I tuoi punteggi nel tempo

Non hai fatto questo quiz